00640 2200217 4500001002100000005001500021035002000036007000300056008004100059020001800100082001100118084001700129100002000146245002300166260004100189500011800230650004100348856001700389990000800406990000800414INLIS00000000000022020220302093600 a0010-0322000018ta220302 g 0 ind  a9786028250245 a297.56 a297.56 SAB d0 aSabaruddin Tain1 a8 Macam buah takwa aJakarta :bAnak Saleh Pratama,c2008 aKelima buku ini merupakan satu rangkaian yang saling melengkapi antara judul yang satu dengan judul yang lainnya. 4aEtika Moral Islam dalam Hal Tertentu aKoleksi Umum a699 a700